00375nam a2200133Ia 4500003000400000008004100004020002300045040000800068100003500076245006000111260004600171300001300217365001100230LDD181029s9999 xx 000 0 und d a8177081144c575.00 cLDD aMahapatra, Debidatta Aurobindo 0aIndia-Russia partnershipcDebidatta Aurobindo Mahapatra aNew DelhibNew Century Publicationsc2006 aix, 212p b575.00